000 00348nam a22001457a 4500
020 _qHB.
040 _cFIZZA ISHAQ
082 _a540
_bRAY
100 _aCHANG,RAYMOND.
_919841
245 _aCHEMISTRY /
_cRAYMOND CHANG.
250 _a10th ED.
260 _aNEW YORK ;
_bMc GRAW HILL,
_c2010.
300 _a1085 P. ;
_c10.6X8.4IN
942 _2ddc
_cBK
999 _c616973
_d616973